00436nam a2200157Ia 45000010006000000050017000060080041000230410008000640820015000721000035000872450103001222600009002253000028002346500008002626540008002702122920260306172904.0260306t2018||||xx |||||||||||||| ||spa|| aESP a344.3bA37 aAlcócer Povis, Eduardo,eAUT 0aLa reincidencia como agravante de la pena :bconsideraciones dogmáticas y de política criminal c2018 a398 páginas :c24 cm. aGEN aCDE